Dynamics and Relativity : (Record no. 5540)

MARC details
000 -LEADER
fixed length control field 00843cam a2200301 a 4500
001 - CONTROL NUMBER
control field 2630380
003 - CONTROL NUMBER IDENTIFIER
control field OSt
005 - DATE AND TIME OF LATEST TRANSACTION
control field 20170213174702.0
008 - FIXED-LENGTH DATA ELEMENTS--GENERAL INFORMATION
fixed length control field 990304s1999 enka 001 0 eng
010 ## - LIBRARY OF CONGRESS CONTROL NUMBER
LC control number 99024781
020 ## - INTERNATIONAL STANDARD BOOK NUMBER
International Standard Book Number 9780198501121
020 ## - INTERNATIONAL STANDARD BOOK NUMBER
International Standard Book Number 0198501129
040 ## - CATALOGING SOURCE
Transcribing agency DDC.
050 00 - LIBRARY OF CONGRESS CALL NUMBER
Classification number QC173.65
Item number .M33 1999
082 00 - DEWEY DECIMAL CLASSIFICATION NUMBER
Classification number 531.11 McC 1999
100 1# - MAIN ENTRY--PERSONAL NAME
Personal name McComb, W. D;
9 (RLIN) 1017
245 10 - TITLE STATEMENT
Title Dynamics and Relativity :
260 ## - PUBLICATION, DISTRIBUTION, ETC. (IMPRINT)
Name of publisher, distributor, etc. Oxford University Press,
Date of publication, distribution, etc. 1999.
Place of publication, distribution, etc. Oxford,
300 ## - PHYSICAL DESCRIPTION
Extent xix, 372 p. :
Other physical details ill. ;
Dimensions 25 cm.
500 ## - GENERAL NOTE
General note .
504 ## - BIBLIOGRAPHY, ETC. NOTE
Bibliography, etc Includes index
650 ## - SUBJECT ADDED ENTRY--TOPICAL TERM
Topical term or geographic name as entry element Dynamics
9 (RLIN) 4401
650 ## - SUBJECT ADDED ENTRY--TOPICAL TERM
Topical term or geographic name as entry element Physics
9 (RLIN) 809
856 42 - ELECTRONIC LOCATION AND ACCESS
Materials specified Publisher description
Uniform Resource Identifier <a href="http://www.loc.gov/catdir/enhancements/fy0606/99024781-d.html">http://www.loc.gov/catdir/enhancements/fy0606/99024781-d.html</a>
906 ## - LOCAL DATA ELEMENT F, LDF (RLIN)
a 7
b cbc
c orignew
d 1
e ocip
f 19
g y-gencatlg
942 ## - ADDED ENTRY ELEMENTS (KOHA)
Source of classification or shelving scheme Dewey Decimal Classification
Koha item type Open Shelf
Holdings
Withdrawn status Lost status Source of classification or shelving scheme Damaged status Not for loan Home library Current library Date acquired Source of acquisition Inventory number Total Checkouts Full call number Barcode Date last seen Date last checked out Price effective from Koha item type
    Dewey Decimal Classification     MUST Main Library MUST Main Library 13/02/2017 Purchase 07/29113 2 531.11 McC 1999 2017-0187 29/03/2021 17/03/2021 13/02/2017 Open Shelf